Higher engineering mathematics (Record no. 63459)
[ view plain ]
| 000 -LEADER | |
|---|---|
| fixed length control field | 00523nam a22001937a 4500 |
| 003 - CONTROL NUMBER IDENTIFIER | |
| control field | NUST - PNEC |
| 005 - DATE AND TIME OF LATEST TRANSACTION | |
| control field | 20170116180813.0 |
| 008 - FIXED-LENGTH DATA ELEMENTS--GENERAL INFORMATION | |
| fixed length control field | 150513b xxu||||| |||| 00| 0 eng d |
| 020 ## - INTERNATIONAL STANDARD BOOK NUMBER | |
| International Standard Book Number | 8174090843 |
| 040 ## - CATALOGING SOURCE | |
| Transcribing agency | LIBRARY |
| 082 ## - DEWEY DECIMAL CLASSIFICATION NUMBER | |
| Classification number | 510 GRE |
| 100 ## - MAIN ENTRY--PERSONAL NAME | |
| 9 (RLIN) | 3542 |
| Personal name | Grewal, Bhajan S. |
| 245 ## - TITLE STATEMENT | |
| Title | Higher engineering mathematics |
| Statement of responsibility, etc. | B. S. Grewal |
| 250 ## - EDITION STATEMENT | |
| Edition statement | 35th ed. |
| 260 ## - PUBLICATION, DISTRIBUTION, ETC. | |
| Place of publication, distribution, etc. | India: |
| Name of publisher, distributor, etc. | New Delhi, |
| Date of publication, distribution, etc. | c 2000. |
| 300 ## - PHYSICAL DESCRIPTION | |
| Extent | 1104 p . : |
| 650 ## - SUBJECT ADDED ENTRY--TOPICAL TERM | |
| 9 (RLIN) | 3543 |
| Topical term or geographic name entry element | Higher engineering mathematics |
| General subdivision | Mathematics. |
| 942 ## - ADDED ENTRY ELEMENTS (KOHA) | |
| Source of classification or shelving scheme | |
| Koha item type | Book |
| Withdrawn status | Lost status | Source of classification or shelving scheme | Damaged status | Not for loan | Permanent Location | Current Location | Shelving location | Date acquired | Source of acquisition | Cost, normal purchase price | Total Checkouts | Full call number | Barcode | Date last seen | Date last checked out | Cost, replacement price | Price effective from | Koha item type |
|---|---|---|---|---|---|---|---|---|---|---|---|---|---|---|---|---|---|---|
| Pakistan Navy Engineering College (PNEC) | Pakistan Navy Engineering College (PNEC) | 06/05/2002 | Fair Book Center ( LIBRARY GRANT ) | 550.00 | 2 | 330 GRE | PNECLIB-025730 | 08/16/2016 | 08/16/2016 | 550.00 | 06/05/2002 | Book | ||||||
| Pakistan Navy Engineering College (PNEC) | Pakistan Navy Engineering College (PNEC) | 07/21/2001 | Fair Book Center ( LIBRARY GRANT ) | 350.00 | 2 | 330 GRE | PNECLIB-024742 | 10/31/2016 | 09/28/2016 | 350.00 | 07/21/2001 | Book | ||||||
| Pakistan Navy Engineering College (PNEC) | Pakistan Navy Engineering College (PNEC) | 11/06/2000 | Fair Book Center ( LIBRARY GRANT ) | 830.00 | 330 GRE | PNECLIB-022876 | 05/13/2015 | 830.00 | 11/06/2000 | Book | ||||||||
| Pakistan Navy Engineering College (PNEC) | Pakistan Navy Engineering College (PNEC) | - | 0.00 | 510 GRE | PNECLIB-023618 | 08/16/2016 | 0.00 | Book |
